| 000 | 01310nam a22002777a 4500 | ||
|---|---|---|---|
| 999 |
_c23588 _d23588 |
||
| 003 | AR-CdUCM | ||
| 008 | 260401b2024 pe ||||| |||| 00| 0 spa d | ||
| 020 | _aN° 978-612-49787-5-3 | ||
| 040 |
_aMUNICIPALIDAD PROVINCIAL DEL CUSCO _cBIBLIOTECA MUNICIPAL DEL CUSCO |
||
| 041 | _hspa | ||
| 082 |
_a615.3 / _bC46 |
||
| 110 |
_aCentro Regional para la Salvaguardia del Patrimonio Cultural Inmaterial de América Latina CRESPIAL _952451 |
||
| 245 |
_aTradiciones y Saberes sobre Plantas Medicinales : _b(Familias rurales del valle del rio Zuña) / |
||
| 260 |
_aCusco - Perú : _bCentro Regional para la Salvaguardia del Patrimonio Cultural Inmaterial de América Latina CRESPIAL, _c2024. |
||
| 300 |
_a48 Páginas. : _bfiguras _c15 x 21 cm. |
||
| 500 | _zPágina 48 | ||
| 505 | _aContenido: I. Diversidad de flora -- II. Plantas medicinales en la parte baja del valle del río Zaña -- III. Portadores de conocimientos tradicionales -- IV. Importancia de la participación ciudadana y el accionar de las familias rurales.... | ||
| 650 |
_aPlantas medicinales _914338 |
||
| 650 |
_aÁrboles con propiedades _952504 |
||
| 650 |
_aSabedores populares _952505 |
||
| 650 |
_aAchicoria _952506 |
||
| 650 |
_aSan Juan _952507 |
||
| 856 | _fwww.crespial.org | ||
| 942 |
_2ddc _cLIBROS |
||
| 945 |
_ajmcs _d1/04/2026 |
||